Last poems / (Record no. 55839)
[ view plain ]
| 000 -LEADER | |
|---|---|
| fixed length control field | 00630nam a2200217 a 4500 |
| 001 - CONTROL NUMBER | |
| control field | 55839 |
| 003 - CONTROL NUMBER IDENTIFIER | |
| rucl marc code | BD-RjUL |
| 005 - DATE AND TIME OF LATEST TRANSACTION | |
| control field | 20211209080324.0 |
| 008 - FIXED-LENGTH DATA ELEMENTS--GENERAL INFORMATION | |
| fixed length control field | 161122s1922 enk 00000 eng d |
| 035 ## - SYSTEM CONTROL NUMBER | |
| System control number | (BD-RjUL)55963 |
| 040 ## - CATALOGING SOURCE | |
| Original cataloging agency | ANL |
| Language of cataloging | eng |
| Transcribing agency | BD-RjUL |
| Modifying agency | BD-RjUL |
| 041 ## - LANGUAGE CODE | |
| Language code of text/sound track or separate title | eng |
| 082 0# - DEWEY DECIMAL CLASSIFICATION NUMBER | |
| Classification number | 821.912 |
| Edition number | 23 |
| Author mark and year | HOL 1922 |
| 100 1# - MAIN ENTRY--PERSONAL NAME | |
| Personal name | Housman, A. E. |
| 9 (RLIN) | 166254 |
| 245 10 - TITLE STATEMENT | |
| Title | Last poems / |
| Statement of responsibility, etc. | A.E. Houseman |
| 260 ## - PUBLICATION, DISTRIBUTION, ETC. (IMPRINT) | |
| Place of publication, distribution, etc. | London : |
| Name of publisher, distributor, etc. | The Richards Press, |
| Date of publication, distribution, etc. | 1922. |
| 300 ## - PHYSICAL DESCRIPTION | |
| Pagination | xii, 61 p. ; |
| Size | 19 cm. |
| 650 ## - SUBJECT ADDED ENTRY--TOPICAL TERM | |
| Topical term or geographic name as entry element | American poetry |
| Chronological subdivision | 19th century |
| Geographic subdivision | American poetry |
| 9 (RLIN) | 166255 |
| Geographic subdivision | American poetry |
| Chronological subdivision | 20th century |
| 9 (RLIN) | 166256 |
| 942 ## - ADDED ENTRY ELEMENTS (KOHA) | |
| Source of classification or shelving scheme | Dewey Decimal Classification |
| Koha item type | Books |
| Lost status | Source of classification or shelving scheme | Damaged status | Not for loan | Collection code | Permanent Location | Current Location | Shelving location | Date acquired | Source of acquisition | Cost, normal purchase price | Total Checkouts | Full call number | Date last seen | Copy number | Koha item type |
|---|---|---|---|---|---|---|---|---|---|---|---|---|---|---|---|
| Dewey Decimal Classification | Non-fiction | Central Library, University of Rajshahi | Central Library, University of Rajshahi | 04/08/1956 | B.H. Blackwell | 6.50 | 821.912 HOL 1922 | 22/11/2016 | C-2 | Books |